| 000 | 00599nam a2200181Ia 4500 | ||
|---|---|---|---|
| 008 | 130821s2011 ck grdd spa | ||
| 020 | _a8789584489975 | ||
| 040 |
_aCo-BoUCM _bspa |
||
| 041 | 0 | 0 | _aspa |
| 245 | 0 | 0 |
_aDiccionario jurídico _cPalma Q. Editores |
| 260 |
_aMedellín (Antioquia, Colombia) _bPalma Q. Editores _c2011 |
||
| 300 | _a653 páginas | ||
| 650 | 0 | 4 |
_aDerecho _vDiccionarios y enciclopedias _97494 |
| 650 | 0 | 4 |
_aDerecho _xTerminología _933262 |
| 650 | 0 | 4 |
_aTeoría del derecho _925308 |
| 942 |
_a8 _e1 _kR _mD545 _cLIBRO _2DEWEY _h340.03 |
||
| 999 |
_c39614 _d39614 |
||